The pilgrim's regress : (Record no. 399)

MARC details
000 -LEADER
fixed length control field 00620nam a2200193Ia 4500
005 - DATE AND TIME OF LATEST TRANSACTION
control field 20260322212018.0
008 - FIXED-LENGTH DATA ELEMENTS--GENERAL INFORMATION
fixed length control field data
020 ## - INTERNATIONAL STANDARD BOOK NUMBER
International Standard Book Number 0802860184
020 ## - INTERNATIONAL STANDARD BOOK NUMBER
International Standard Book Number 9780802860187
040 ## - CATALOGING SOURCE
Original cataloging agency VXM
Transcribing agency VXM
Modifying agency BSC
092 ## - LOCALLY ASSIGNED DEWEY CALL NUMBER (OCLC)
Classification number 244 L37 1989
001 - CONTROL NUMBER
control field data
100 1# - MAIN ENTRY--PERSONAL NAME
Personal name Lewis, C. S.
Dates associated with a name 1898-1963.
Fuller form of name (Clive Staples),
245 14 - TITLE STATEMENT
Title The pilgrim's regress :
Remainder of title an allegorical apology for Christianity, reason, and romanticism /
Statement of responsibility, etc. C. S. Lewis.
260 ## - PUBLICATION, DISTRIBUTION, ETC.
Place of publication, distribution, etc. Grand Rapids :
Name of publisher, distributor, etc. Eerdmans,
Date of publication, distribution, etc. 1979.
300 ## - PHYSICAL DESCRIPTION
Extent 199 p. :
Other physical details map. ;
Dimensions 20 cm.
500 ## - GENERAL NOTE
General note "1st Eerdmans pocket edition, 1958; reprinted 1979."
650 #0 - SUBJECT ADDED ENTRY--TOPICAL TERM
Topical term or geographic name entry element Christian life
General subdivision Anglican authors.
Holdings
Withdrawn status Lost status Damaged status Not for loan Home library Current library Shelving location Date acquired Total checkouts Full call number Barcode Date last seen Price effective from Koha item type
        Franklin Franklin General stacks 22/03/2026   GEN BC0010409 22/03/2026 22/03/2026 Books